• 首页
  • 本馆介绍
  • 公告通知
  • 最新文献
  • 馆藏检索
  • 电子资源
  • 读者导购
  • 参考咨询
  • 我的图书馆
  • 登录
  • 详细信息显示
  • 放入我的书架
  • 预约/预借图书
  • 作者相关作品
  • 分类相关作品
  • 丛书相关作品
  • 出版社相关作品

书目信息

  • 表格格式
  • 工作单格式
  • 卡片格式
题名:
汉语会话课本
    
 
作者: 施宝义 编
分册:  
出版信息: 北京   外语教学与研究出版社  1983
页数: 434页
开本: 19cm
丛书名:
单 册:
中图分类: H195.5
科图分类:
主题词: 汉语-口语--对外汉语教学--教材 , 口语-汉语--对外汉语教学--教材
电子资源:
ISBN:
000 00661nam0 2200241 45
001 0183011459
005 20060820091014.90
010    @dCNY1.50
091    @aCN@b7215.36
100    @a19950522d1983 em y0chiy0121 ea
101 0  @achi
102    @aCN@b110000
105    @ay z 000yy
200 10 @a汉语会话课本@Ahan yu hui hua ke ben@f施宝义编
210    @a北京@c外语教学与研究出版社@d1983
215    @a434页@d19cm
606    @a汉语-口语@x对外汉语教学@x教材
606    @a口语-汉语@x对外汉语教学@x教材
690    @aH195.5@v3
701  0 @a施宝义@Ashi bao yi@4编
801  0 @aCN@bTSSF@c20060820
801  2 @aCN@bNLC@c20060819
905    @a10447@dH195.5@e180
    
    汉语会话课本/施宝义编.-北京:外语教学与研究出版社,1983
    434页;19cm
    
    
    ISBN :CNY1.50
    
●
相关链接 在E读中查询图书 在五车中查询图书 在当当中查询图书 在豆瓣中查询图书


正题名:汉语会话课本     索取号:H195.5/180         预约/预借

序号 登录号 条形码 馆藏地/架位号 状态 备注
1 0436401   204364017   密集书库/ [索取号:H195.5/180] 在馆    
2 0462847   204628475   密集书库/ [索取号:H195.5/180] 在馆    
3 0462848   204628484   密集书库/ [索取号:H195.5/180] 在馆    
4 0466892   204668920   密集书库/ [索取号:H195.5/180] 在馆    
5 0467101   204671015   密集书库/ [索取号:H195.5/180] 在馆    
唐山师范学院图书馆 欢迎您!
大连网信软件有限公司© 版权所有